| 000 | 00981cab a2200229 4500 | ||
|---|---|---|---|
| 001 | WB2814-14 | ||
| 008 | 090401t1992 xxu||||| |||| 00| 0 eng d | ||
| 035 | _a(Sirsi) u68941 | ||
| 041 | _aeng | ||
| 245 | _aRestrictive covenant to be considered in valuation | ||
| 260 | _c1992 | ||
| 350 | _a0 | ||
| 490 |
_aIndependent _v30 March 1992,7(1) |
||
| 520 | _a"Abbey Homesteads (Developments) Ltd v Northamptonshire CC" CA 11 March 1992 It was held that the restrictive covenant on the development of the land compulsorily purchased should be considered under the Pointe Gourde principle ub determining the value of the land for compensation. | ||
| 650 | _aCOMPENSATION | ||
| 650 | _aPOINTE GOURDE QUARRYING AND TRANSPORT CO LTD V CROWN LANDS SUPERINTENDENT | ||
| 650 | _aRESTRICTIVE COVENANTS | ||
| 650 |
_aValuation _96273 |
||
| 690 | _aENVIRONMENTAL AND LAND CONSULTANCY-PLANNING AND DEVELOPMENT-COMPULSORY PURCHASE AND COMPENSATION | ||
| 942 | _n0 | ||
| 948 | _c04/03/1997 | ||
| 999 |
_c43286 _d43286 |
||